[Event "WSTCC-50 2020"]
[Site "Prague"]
[Date "2020.03.07"]
[Round "2.32"]
[White "Leverett, Bruce"]
[Black "Novotny, Josef"]
[Result "1/2-1/2"]
[WhiteElo "2264"]
[BlackElo "2048"]
[Annotator "TA"]
[PlyCount "62"]
[EventDate "2020.03.06"]
[EventType "team-tourn"]
[EventCountry "CZE"]
[SourceTitle "playchess.com"]
[Source "ChessBase"]
[SourceQuality "1"]

{[%evp 9,62,22,58,50,72,67,74,45,45,47,44,44,56,40,81,53,81,81,93,82,100,85,112,112,112,112,112,113,177,187,177,163,162,121,156,157,144,112,110,123,115,128,122,85,83,21,21,21,21,21,22,22,19,0,27]} 1. d4 d5 2. c4 dxc4 3. Nf3 Nf6 4. e3 e6 5. Bxc4 c6 6. O-O {D26: Queen's Gambit Accepted: 4 e3 e6 5 Bxc5 c5 sidelines.} Be7 7. Nc3 O-O 8. e4 {White is better.} b5 {[%cal Bb7b5,Bb5b4][%mdl 32]} 9. Bd3 b4 $1 {[%cal Rb4c3]} 10. Na4 Ba6 {[#]} 11. b3 $146 ({Predecessor:} 11. Bxa6 Nxa6 12. e5 Nd5 13. Be3 Rc8 14. Rc1 Nxe3 15. fxe3 c5 16. b3 Qd7 17. Qd3 {½-½ (42) Szalay,T (1731)-Demjen,A (2007) Hungary 2015}) 11... Qa5 12. Bg5 $36 {[%mdl 2048] White has good play.} Bxd3 13. Qxd3 h6 14. Bxf6 Bxf6 15. Rac1 Rd8 16. Rc5 Qc7 17. Rfc1 Bxd4 18. Nxd4 {Threatens to win with R5c4.} Qd6 (18... e5 $16) 19. R5c4 $18 e5 {[#]} 20. Nc5 $1 {[%cal Rc5b7] Strongly threatening Nb7.} Qf6 21. Qf3 exd4 22. Qxf6 ({Much less strong is} 22. Rxb4 $6 Qxf3 23. gxf3 d3 $16) 22... gxf6 23. Rd1 a5 24. Rcxd4 Rxd4 25. Rxd4 {[#] Rd8+ is the strong threat.} Na6 26. Nxa6 Rxa6 $16 {KR-KR} 27. Rd8+ (27. g3 $16) 27... Kg7 $11 {The position is equal.} 28. f3 a4 29. Rb8 axb3 30. axb3 c5 31. Rb5 Ra3 {Blacks defense is rewarded with a draw. Accuracy: White = 76%, Black = 75%.} 1/2-1/2

[Event "WSTCC-50 2020"]
[Site "Prague"]
[Date "2020.03.07"]
[Round "2.33"]
[White "Graf, Alexander"]
[Black "Denk, Adolf"]
[Result "1-0"]
[WhiteElo "2575"]
[BlackElo "2224"]
[Annotator "TA"]
[PlyCount "41"]
[EventDate "2020.03.06"]
[EventType "team-tourn"]
[EventCountry "CZE"]
[SourceTitle "playchess.com"]
[Source "ChessBase"]
[SourceQuality "1"]

{[%evp 23,41,82,89,94,98,93,117,84,118,114,189,189,298,304,326,320,337,337,629,604]} 1. Nf3 Nf6 2. c4 c5 3. Nc3 d5 4. cxd5 Nxd5 5. d4 e6 6. e4 Nxc3 7. bxc3 cxd4 8. cxd4 Bb4+ 9. Bd2 Qa5 10. Rb1 Bxd2+ 11. Qxd2 Qxd2+ 12. Kxd2 O-O 13. Bb5 {D41: Queen's Gambit Declined: Semi-Tarrasch with 5 cxd5.} a6 14. Bd3 Rd8 15. Rhc1 {White is better.} Nc6 16. Ke3 {[#]} f5 $146 (16... Ra7 $16 17. Rc5 Bd7) ({Predecessor:} 16... Kf8 17. Rb6 Ra7 18. Rc5 Bd7 19. a4 Be8 20. a5 Ne7 21. Rc7 Rd7 22. Rc1 Nc6 {1-0 (35) Bernadskiy,V (2546)-Czerwonski,A (2382) Krakow 2016}) 17. Rb6 $18 g5 (17... a5 $142 18. Rc5 fxe4) 18. Nxg5 Nxd4 19. Rc7 h6 20. Nh7 Nc6 $2 {[#]} (20... Nb5) 21. exf5 {White took control after the opening.} 1-0

[Event "WSTCC-50 2020"]
[Site "Prague"]
[Date "2020.03.07"]
[Round "2.34"]
[White "Ernst, Michael"]
[Black "Levin, Felix"]
[Result "0-1"]
[WhiteElo "2155"]
[BlackElo "2480"]
[Annotator "TA"]
[PlyCount "126"]
[EventDate "2020.03.06"]
[EventType "team-tourn"]
[EventCountry "CZE"]
[SourceTitle "playchess.com"]
[Source "ChessBase"]
[SourceQuality "1"]

{[%evp 9,126,0,22,6,11,-8,12,0,22,23,14,14,8,-9,-16,-7,0,-37,-23,-56,-53,-69,-71,-66,-42,-51,-46,-57,-46,-47,-47,-47,-47,-47,-47,-47,-47,-47,-47,-48,-35,-35,-35,-35,-35,-35,-35,-35,-35,-48,0,0,0,-11,-11,-23,-23,-47,-47,-38,-11,-11,-11,-11,-11,-12,0,-10,-10,-61,-22,-113,-113,-141,-134,-133,-121,-177,-178,-183,-180,-180,-156,-191,-173,-265,-267,-412,-431,-518,-502,-937,-932,-535,-892,-834,-793,-1878,-1769,-2303,-2335,-2323,-1903,-2006,-1856,-1578,-1042,-1796,-1759,-1670,-1700,-1735,-1708,-7086,-6684,-6099,-6099,-2352,-2203]} 1. d4 d5 2. Bf4 c5 3. e3 cxd4 4. exd4 Nc6 5. c3 f6 6. Nf3 {B13: Caro-Kann: Exchange Variation and Panov-Botvinnik Attack.} g5 7. Bg3 ({Much worse is} 7. Nxg5 fxg5 8. Qh5+ Kd7 $17) 7... Bg7 {[#]} (7... h5 $5 {[%cal Rh5h4]} 8. h3 Nh6 $11) 8. Bb5 $146 {The position is equal.} ({Predecessor:} 8. h3 Bf5 9. Bd3 e6 10. O-O Nge7 11. c4 Qd7 12. Nc3 O-O 13. Re1 Rad8 14. Na4 {0-1 (34) Mendonca,L (2418)-Kunin,V (2550) Moscow 2020}) 8... Bf5 9. h3 e6 10. Na3 {[%cal Bb1a3,Ba3c2,Bc2b4][%mdl 32]} Nge7 11. Nc2 Qb6 $36 {[%mdl 2048] White is under pressure.} 12. Qe2 a6 13. Bxc6+ Qxc6 14. Nb4 Qb5 15. Qxb5+ axb5 16. O-O Kd7 17. Rfe1 h5 18. a3 Ng6 19. Nd2 g4 20. h4 Bh6 21. Nb3 {[#] Black must now prevent Nc5+.} b6 22. Nc1 Be4 23. Ncd3 Ne7 24. Nf4 Bxf4 25. Bxf4 Ng6 26. g3 $1 Rhg8 27. Be3 Ne7 28. Rad1 Rge8 29. Nd3 Bxd3 (29... Nc6 {looks sharper.} 30. Rd2 Ke7 31. Bh6 Kf7 32. Bf4 Na5) 30. Rxd3 Nc6 31. Bc1 Na5 32. Kg2 Nc4 33. f3 gxf3+ 34. Rxf3 f5 35. Re2 Nd6 36. Bf4 Ne4 37. Re1 b4 38. axb4 Ra2 39. Bc1 (39. Re2 $11) 39... Kc6 {[%mdl 1024] Black has compensation.} 40. Kh3 (40. Re2 $11 {keeps the balance.}) 40... Kb5 $17 {Black continues to play with concentration.} 41. Rg1 Kc4 42. Re3 Rg8 43. Rf3 (43. Ree1 $17) 43... Ra1 44. Rff1 Kb3 45. Kh2 Rg4 46. Kh3 Rb1 47. Kh2 (47. b5 {was worth a try.}) 47... Nd6 $19 48. Re1 {[#]} (48. Kg2 $142) 48... Re4 $1 49. Rxe4 {Black is clearly winning.} Nxe4 {[%mdl 4096] Endgame KRB-KRN} (49... fxe4 $2 50. Bf4 $19) 50. Kh1 (50. b5 $142 Kc2 51. Bf4) 50... Kc2 51. Bf4 Rxg1+ 52. Kxg1 {KB-KN} b5 53. Bc7 Kxb2 54. Bb6 Kxc3 55. Bc5 Nxg3 56. Kf2 Ne4+ 57. Ke3 Kc4 58. Kf4 Kd3 59. Ke5 Nd2 60. Kf4 Nb3 61. Kg5 Ke3 62. Bd6 Nxd4 63. Kxh5 Nf3 {Accuracy: White = 58%, Black = 94%.} 0-1

[Event "WSTCC-50 2020"]
[Site "Prague"]
[Date "2020.03.07"]
[Round "2.35"]
[White "Meister, Jakob"]
[Black "Kranzl, Peter"]
[Result "1/2-1/2"]
[WhiteElo "2427"]
[BlackElo "2153"]
[Annotator "TA"]
[PlyCount "171"]
[EventDate "2020.03.06"]
[EventType "team-tourn"]
[EventCountry "CZE"]
[SourceTitle "playchess.com"]
[Source "ChessBase"]
[SourceQuality "1"]

{[%evp 17,171,28,29,28,80,80,83,91,147,46,42,49,56,57,61,43,114,67,60,47,35,10,20,0,0,0,0,0,0,0,0,0,0,0,0,0,7,0,0,0,0,0,0,0,0,0,0,0,0,0,0,0,0,0,0,0,0,0,0,0,0,-9,-9,-10,-10,-10,0,-12,-14,-60,-60,-67,-72,-47,0,-33,-34,-50,0,0,0,0,0,0,0,0,0,4,24,0,0,0,0,0,9,0,0,0,0,0,0,0,37,4,3,0,0,-27,0,-20,0,0,0,0,0,0,0,0,0,0,0,0,0,-8,-8,-7,-4,-56,-56,-56,-56,-59,-27,-27,-27,-57,-56,-66,-69,-37,-37,-284,-256,-256,-256,-241,-241,-203,-10,-29966,-10,-10,-10,-11,-10,-12]} 1. e4 c6 2. d4 d5 3. exd5 cxd5 4. c4 Nf6 5. Nc3 g6 6. cxd5 Bg7 7. Bb5+ Nbd7 8. d6 exd6 9. Qe2+ Qe7 {9...Kf8 is vanishing.} 10. Bf4 {B14: Caro-Kann: Panov-Botvinnik Attack with 5...e6 and 5...g6.} Kd8 {[#]} (10... Qxe2+ $11 {remains equal.} 11. Ngxe2 a6) 11. Nf3 $146 ({Predecessor:} 11. O-O-O Nb6 12. Qxe7+ Kxe7 13. Nf3 Be6 14. Rhe1 Rac8 15. Kb1 Nbd5 16. Nxd5+ Nxd5 17. Bg5+ Kf8 {1-0 (91) Csiszar,C (2375)-Okhotnik,V (2406) Zalakaros 2002}) 11... Nb6 12. O-O {White is better.} a6 (12... Qxe2 $142 13. Bxe2 Ke7) 13. Bd3 ({White should try} 13. Rfe1 $16 {[%csl Ge1][%cal Re2e7]} Be6 14. Bd3) 13... Qxe2 $14 14. Bxe2 Ke7 $1 15. Rfe1 {Hoping for Bxa6+.} Be6 16. Ng5 Nfd5 ({Better is} 16... Nbd5 $14 17. Bg3 (17. Nxe6 fxe6 18. Bg5 Kf7 $14) 17... Kd7) 17. Nxe6 fxe6 18. Bg5+ Kd7 19. Bf3 Rhe8 20. Nxd5 (20. Re4 {is interesting.} h6 21. Bd2 h5 22. Rae1 Nxc3 23. Bxc3 d5 24. R4e3) 20... Nxd5 21. Rad1 Rac8 22. Bxd5 exd5 23. Rxe8 Rxe8 $11 {[%mdl 4096] Endgame KRB-KRB} 24. Kf1 Rc8 25. Rd2 Rc4 26. Be3 Bf6 27. Ke2 Rc1 28. Kd3 Rg1 29. f3 Ra1 30. a3 Bd8 31. Re2 Rd1+ 32. Kc2 Rh1 33. h3 Bf6 34. Kd3 Rd1+ 35. Bd2 Rb1 36. Bc3 Rd1+ 37. Ke3 Kc6 38. Rc2 Kd7 39. f4 h5 40. Ke2 Rg1 41. Kf2 Rd1 42. Ke3 Ke6 43. Rd2 Rf1 $1 44. Rf2 Rg1 $1 45. Re2 {Strongly threatening Kf2+.} Kf5 46. Be1 Rf1 47. g3 Bd8 48. Bf2 Bb6 49. Rd2 Rb1 50. Kf3 Rh1 51. g4+ Ke6 52. Kg2 Rb1 53. Re2+ Kf7 54. Rd2 hxg4 55. hxg4 Bd8 56. Rc2 Ke6 57. Be3 Rd1 58. Kf3 Rh1 59. Re2 Rf1+ 60. Kg2 Rd1 61. Kf3 Rd3 62. Kg2 Bb6 63. Bf2+ Kf7 64. Bh4 Bxd4 65. Re7+ {[%mdl 64] [#] Double Attack} Kg8 66. b4 Rxa3 67. Rxb7 Ra2+ 68. Kf3 Ra3+ 69. Ke2 Re3+ 70. Kd2 Re4 71. Bg5 Be3+ 72. Kd3 (72. Kc3 $11) 72... Bxf4 $15 73. Bxf4 Rxf4 {KR-KR} 74. g5 Rc4 75. Rb6 Kf7 {Threatening ...Ke6.} 76. Rxd6 Rxb4 77. Rf6+ Kg7 {Threatens to win with ...Rg4.} 78. Rd6 $1 Rf4 {And now ...Rf5 would win.} 79. Rxa6 $2 (79. Rd7+ $15 Rf7 80. Rxd5) 79... Rf5 80. Ra7+ Kf8 81. Kd4 Rxg5 82. Rd7 {[#]} Rg1 $2 (82... Rf5 $1 $19 83. Kc5 Rf2) 83. Rxd5 $2 {[%mdl 8192]} (83. Rb7 $11) 83... Ke7 $2 (83... Rd1+ {mates} 84. Ke5 Rxd5+ 85. Kxd5 Kg7 86. Ke5 Kh6 87. Kf4 Kh5 88. Kg3 Kg5 89. Kh2 Kg4 90. Kg2 g5 91. Kh2 Kf3 92. Kh3 g4+ 93. Kh2 Kf2 94. Kh1 Kg3 95. Kg1 Kh3 96. Kf2 g3+ 97. Kf1 Kh2 98. Ke2 g2 99. Kd3 g1=Q 100. Kc4 Kg3 101. Kd5 Kf4 102. Kd6 Qb6+ 103. Kd5 Qb5+ 104. Ke6 Qc6+ 105. Ke7 Kf5 106. Kd8 Qb7 107. Ke8 Ke6 108. Kf8 Qf7#) 84. Ke3 $11 {The position is equal.} Rf1 85. Ke2 Rf8 86. Rd3 {Accuracy: White = 80%, Black = 80%.} 1/2-1/2

[Event "WSTCC-50 2020"]
[Site "Prague"]
[Date "2020.03.07"]
[Round "2.36"]
[White "Gattermayer, Robert"]
[Black "Koehler, Gerhard"]
[Result "1/2-1/2"]
[WhiteElo "1979"]
[BlackElo "2204"]
[Annotator "ChessBase"]
[PlyCount "146"]
[EventDate "2020.03.06"]
[EventType "team-tourn"]
[EventCountry "CZE"]
[SourceTitle "playchess.com"]
[Source "ChessBase"]
[SourceQuality "1"]
[TimeControl "40/5400+30:1800+30"]

1. e4 {[%emt 0:00:00]} c5 {[%emt 0:00:00]} 2. Nc3 {[%emt 0:00:00]} Nc6 {[%emt 0:00:00]} 3. d3 {[%emt 0:00:00]} g6 {[%emt 0:01:04]} 4. g3 {[%emt 0:00:08]} Bg7 {[%emt 0:00:16]} 5. Bg2 {[%emt 0:00:15]} d6 {[%emt 0:00:31]} 6. Be3 {[%emt 0:00:12]} Nf6 {[%emt 0:00:46]} 7. h3 {[%emt 0:01:09]} Rb8 {[%emt 0:02:09]} 8. Qd2 {[%emt 0:00:32]} Nd4 {[%emt 0:02:30]} 9. Nce2 {[%emt 0:03:08]} Nc6 {[%emt 0:07:27]} 10. c3 {[%emt 0:08:04]} O-O {[%emt 0:01:46]} 11. Bh6 {[%emt 0:00:29]} e5 {[%emt 0:05:36]} 12. Nf3 {[%emt 0:00:44]} d5 {[%emt 0:03:27]} 13. Bxg7 {[%emt 0:01:56]} Kxg7 {[%emt 0:00:08]} 14. exd5 {[%emt 0:01:02]} Nxd5 {[%emt 0:01:09]} 15. O-O {[%emt 0:00:59]} f6 {[%emt 0:01:26]} 16. Rad1 {[%emt 0:00:47]} Be6 {[%emt 0:00:45]} 17. c4 {[%emt 0:00:46]} Nde7 {[%emt 0:01:12]} 18. Kh2 {[%emt 0:01:43]} Qc7 {[%emt 0:03:28]} 19. a3 {[%emt 0:00:52]} Rbd8 {[%emt 0:00:11]} 20. Qc2 {[%emt 0:00:56]} Rd7 {[%emt 0:03:34]} 21. Qb1 {[%emt 0:00:20]} Qb6 {[%emt 0:04:35]} 22. b3 {[%emt 0:05:15]} Rfd8 {[%emt 0:01:57]} 23. Nc3 {[%emt 0:04:07]} Qa5 {[%emt 0:05:44]} 24. Na4 {[%emt 0:05:36]} Bf5 {[%emt 0:04:29]} 25. Ne1 {[%emt 0:01:02]} h5 {[%emt 0:00:33]} 26. f3 {[%emt 0:03:50]} Be6 {[%emt 0:05:08]} 27. Nc2 {[%emt 0:03:33]} Rxd3 {[%emt 0:02:34]} 28. Rxd3 {[%emt 0:02:17]} Rxd3 {[%emt 0:00:10]} 29. Nb4 {[%emt 0:01:44]} Rd6 {[%emt 0:03:25]} 30. Nd3 {[%emt 0:01:17]} b6 {[%emt 0:03:39]} 31. Rd1 {[%emt 0:19:10]} Rd4 {[%emt 0:04:26]} 32. Qc2 {[%emt 0:02:22]} Qa6 {[%emt 0:01:34]} 33. g4 {[%emt 0:00:58]} Qc8 {[%emt 0:01:21]} 34. Nc3 {[%emt 0:02:33]} Qh8 {[%emt 0:02:45]} 35. Kg1 {[%emt 0:02:29]} Qh6 {[%emt 0:00:45]} 36. Qe2 {[%emt 0:01:01]} Bf7 {[%emt 0:01:34]} 37. Ne4 {[%emt 0:00:48]} g5 {[%emt 0:03:58]} 38. Ndf2 {[%emt 0:04:17]} Ng6 {[%emt 0:03:32]} 39. Nd6 {[%emt 0:00:46]} Be6 {[%emt 0:01:09]} 40. Rxd4 {[%emt 0:00:00]} Nxd4 {[%emt 0:00:00]} 41. Qe4 {[%emt 0:00:45]} Kg8 {[%emt 0:08:48]} 42. Ne8 {[%emt 0:04:13]} Nf8 {[%emt 0:12:08]} 43. Qb7 {[%emt 0:00:36]} f5 {[%emt 0:10:55]} 44. gxh5 {[%emt 0:00:41]} Bf7 {[%emt 0:00:32]} 45. Qe7 {[%emt 0:03:05]} Bxe8 {[%emt 0:05:44]} 46. Qxe8 {[%emt 0:00:15]} Ne2+ {[%emt 0:00:41]} 47. Kh2 {[%emt 0:02:40]} Qd6 {[%emt 0:00:27]} 48. h6 {[%emt 0:00:34]} e4+ {[%emt 0:05:41]} 49. Kh1 {[%emt 0:02:54]} Qxh6 {[%emt 0:00:14]} 50. fxe4 {[%emt 0:01:20]} g4 {[%emt 0:01:19]} 51. Qd8 {[%emt 0:02:04]} Qc1+ {[%emt 0:03:27]} 52. Qd1 {[%emt 0:00:43]} Qxd1+ {[%emt 0:00:26]} 53. Nxd1 {[%emt 0:00:02]} gxh3 {[%emt 0:00:14]} 54. Bxh3 {[%emt 0:00:24]} fxe4 {[%emt 0:00:07]} 55. Bg2 {[%emt 0:04:40]} Ne6 {[%emt 0:01:41]} 56. Kh2 {[%emt 0:01:56]} Ng5 {[%emt 0:00:53]} 57. Bf1 {[%emt 0:01:54]} Nd4 {[%emt 0:00:38]} 58. b4 {[%emt 0:00:19]} Nc2 {[%emt 0:00:26]} 59. bxc5 {[%emt 0:00:43]} bxc5 {[%emt 0:00:02]} 60. a4 {[%emt 0:00:45]} Nf3+ {[%emt 0:00:24]} 61. Kg3 {[%emt 0:01:31]} Nd2 {[%emt 0:00:16]} 62. Be2 {[%emt 0:03:25]} Kf7 {[%emt 0:00:57]} 63. Kf4 {[%emt 0:00:57]} Ke6 {[%emt 0:00:22]} 64. Nc3 {[%emt 0:00:18]} Nd4 {[%emt 0:00:49]} 65. Bg4+ {[%emt 0:00:22]} Kd6 {[%emt 0:00:19]} 66. Nxe4+ {[%emt 0:00:11]} Nxe4 {[%emt 0:00:13]} 67. Kxe4 {[%emt 0:00:04]} Kc6 {[%emt 0:00:41]} 68. Ke5 {[%emt 0:01:26]} a5 {[%emt 0:01:18]} 69. Bh5 {[%emt 0:00:38]} Nc2 {[%emt 0:00:55]} 70. Be8+ {[%emt 0:00:41]} Kb6 {[%emt 0:00:02]} 71. Ke4 {[%emt 0:01:25]} Nb4 {[%emt 0:00:26]} 72. Ke5 {[%emt 0:00:31]} Kc7 {[%emt 0:01:00]} 73. Bb5 {[%emt 0:00:44]} Kd8 1/2-1/2

[Event "WSTCC-50 2020"]
[Site "Prague"]
[Date "2020.03.07"]
[Round "2.37"]
[White "Petursson, Margeir"]
[Black "Vltavsky, Vladimir"]
[Result "1-0"]
[WhiteElo "2466"]
[BlackElo "2212"]
[Annotator "TA"]
[PlyCount "45"]
[EventDate "2020.03.06"]
[EventType "team-tourn"]
[EventCountry "CZE"]
[SourceTitle "playchess.com"]
[Source "ChessBase"]
[SourceQuality "1"]

{[%evp 13,45,25,51,48,49,49,66,62,63,44,75,67,58,80,84,76,115,94,113,112,100,109,234,231,898,894,870,852,926,926,852,846,846,835]} 1. d4 Nf6 2. c4 e6 3. Nc3 Bb4 4. Qc2 d5 5. cxd5 exd5 6. Bg5 c6 7. e3 Nbd7 8. Bd3 {D35: Queen's Gambit Declined: Exchange Variation.} h6 9. Bh4 g5 10. Bg3 {White is slightly better.} Nh5 11. Nf3 {[#]} a5 $146 ({Predecessor:} 11... Nxg3 12. hxg3 Qf6 13. a3 Bxc3+ 14. bxc3 b6 15. c4 dxc4 16. Bxc4 O-O 17. Rc1 Bb7 {1-0 (25) Ferreira,A (1547)-Boabaid,J (1823) Florianopolis 2020}) 12. Be5 Nxe5 13. Nxe5 Ng7 14. O-O f5 15. g4 O-O 16. f4 Bd6 17. Ne2 Bxe5 (17... c5 $16 {was called for.}) 18. fxe5 $18 (18. dxe5 Qe7 $14) 18... fxg4 $2 (18... f4 19. h3 (19. exf4 Bxg4 20. f5 Qd7 $18) 19... f3) 19. Rxf8+ {White is clearly winning.} Qxf8 20. Rf1 {[#] Bh7+ would kill now.} Qe7 21. Rf6 Be6 22. Bh7+ Kh8 23. Rxh6 {White took control after the opening. Accuracy: White = 100%, Black = 46%.} 1-0

[Event "WSTCC-50 2020"]
[Site "Prague"]
[Date "2020.03.07"]
[Round "2.38"]
[White "Marsalek, Zdenek"]
[Black "Thorhallsson, Throstur"]
[Result "0-1"]
[WhiteElo "2177"]
[BlackElo "2424"]
[Annotator "TA"]
[PlyCount "90"]
[EventDate "2020.03.06"]
[EventType "team-tourn"]
[EventCountry "CZE"]
[SourceTitle "playchess.com"]
[Source "ChessBase"]
[SourceQuality "1"]

{[%evp 9,90,-34,-25,-37,-33,-52,-19,-16,-9,-14,-17,-27,0,-1,0,4,8,0,19,17,11,0,0,0,0,0,0,0,12,0,5,0,0,-7,12,-95,-95,-129,-120,-125,-120,-191,-189,-188,-181,-209,-204,-191,-191,-248,-195,-215,-216,-202,-202,-250,-250,-252,-246,-235,-212,-320,-311,-322,-318,-322,-322,-322,-322,-313,-322,-454,-449,-431,-426,-819,-806,-1219,-1264,-1230,-1093,-1093,-1050]} 1. d4 Nf6 2. Nf3 d5 3. c4 dxc4 4. Nc3 c5 5. Qa4+ Bd7 $1 {[%cal Rd7a4]} 6. Qxc4 {D24: Queen's Gambit Accepted: 3 Nf3 Nf6 4 Nc3.} cxd4 $1 7. Nxd4 Nc6 8. e4 {The position is equal.} Rc8 9. Nxc6 Bxc6 {[#]} 10. Qd3 $146 ({Predecessor:} 10. Be3 e6 11. Be2 Bxe4 12. Qa4+ Bc6 13. Qxa7 Ra8 14. Qd4 Qxd4 15. Bxd4 Nd7 16. O-O {1-0 (62) Taalaibekov,T (2261)-Volkov,I (2105) Sochi 2018}) 10... e5 11. Qxd8+ Rxd8 12. f3 Bc5 13. Bc4 h6 14. Ke2 Ke7 15. Be3 Bxe3 16. Kxe3 Rd4 $36 {[%mdl 2048] Black fights for an advantage.} 17. Bb3 Rhd8 18. Rhd1 R8d7 19. Ne2 Rb4 20. Rxd7+ Nxd7 21. Rc1 Nb6 22. Rc2 (22. Rc3 $11 {remains equal.}) 22... a5 $1 $17 {[%cal Ba7a5,Ba5a4][%mdl 32] White is now going downhill.} 23. Nc3 a4 24. Bd5 Bxd5 25. Nxd5+ (25. exd5 $17 Nc4+ 26. Ke2) 25... Nxd5+ $19 26. exd5 $17 {[%mdl 4096] Endgame KR-KR} Kd6 27. Rd2 f5 28. g3 Rb5 29. g4 (29. h4 $142) 29... fxg4 ({Stronger than} 29... Rxd5 30. Rxd5+ Kxd5 31. gxf5 $11) 30. fxg4 Rxd5 31. Rf2 Ke6 32. h3 Rb5 33. Kd3 {[#]} Rb4 $1 34. Ke3 Rc4 35. Rf8 {[#]} (35. Rg2 $142) 35... Rc2 $1 $19 36. Re8+ Kf6 37. Ra8 b5 ({Resist} 37... Rxb2 38. Rxa4 Rh2 39. Ra7 $19) 38. Ra6+ Kg5 39. Re6 Rxb2 40. Rxe5+ (40. Kf3 $142 Rxa2 41. Rxe5+ Kf6 42. Rf5+ Ke6 43. Rxb5) 40... Kf6 {Black is clearly winning.} 41. Rf5+ Ke6 42. Ke4 (42. Kd4 $142 g6 43. Rf8) 42... a3 43. h4 g6 44. Rc5 Kd6 45. Rc3 Rxa2 {Accuracy: White = 60%, Black = 94%.} 0-1

[Event "WSTCC-50 2020"]
[Site "Prague"]
[Date "2020.03.07"]
[Round "2.39"]
[White "Jonsson, Bjorgvin"]
[Black "Zahorbensky, Jaroslav"]
[Result "1-0"]
[WhiteElo "2324"]
[BlackElo "2098"]
[Annotator "TA"]
[PlyCount "101"]
[EventDate "2020.03.06"]
[EventType "team-tourn"]
[EventCountry "CZE"]
[SourceTitle "playchess.com"]
[Source "ChessBase"]
[SourceQuality "1"]

{[%evp 16,101,64,43,54,38,38,43,35,39,34,38,36,37,48,58,60,67,84,83,123,102,161,96,126,119,136,136,141,139,200,210,216,204,209,200,212,213,221,218,211,192,218,211,195,175,212,203,230,220,257,264,311,283,287,261,244,263,270,212,241,290,255,212,215,197,189,191,208,185,179,171,175,161,239,219,229,161,318,315,322,313,373,377,370,355,450,410]} 1. e4 e5 2. Nf3 Nf6 3. Nxe5 d6 4. Nf3 Nxe4 5. d4 Be7 6. Bd3 Nf6 7. O-O Bg4 8. Re1 O-O 9. Nbd2 Nbd7 {C42: Petroff Defence: 3 Nxe5 and unusual White 3rd moves.} 10. Nf1 Re8 11. h3 Bh5 {White is slightly better.} 12. Ng3 Bg6 13. Nf5 Bxf5 14. Bxf5 {[#]} Bf8 $146 ({Predecessor:} 14... g6 15. Bd3 Bf8 16. Rxe8 Qxe8 17. c3 Bg7 18. Qc2 Qf8 19. g4 Nb6 20. Bd2 Qc8 {½-½ (50) Nemergut,M (1977)-Mrva,V (2160) Stara Lubovna 2014}) 15. Bg5 h6 16. Bh4 g5 17. Bg3 Bg7 18. Qd2 Nb6 {[#]} (18... Nf8 $16) 19. b3 ({Better is} 19. h4 $1 $18) 19... Rxe1+ 20. Rxe1 Qf8 21. h4 g4 22. Nh2 Re8 (22... h5 $16) 23. Rxe8 $18 ({Resist} 23. Nxg4 Rxe1+ 24. Qxe1 Nxg4) 23... Qxe8 24. Nxg4 Nxg4 25. Bxg4 Qe4 26. Bf3 Qxd4 27. Qxd4 Bxd4 28. Bxb7 {[%mdl 4096] Endgame KBB-KBN} Nd7 29. Kf1 Nc5 30. Bf3 Kg7 31. Bf4 f5 32. Bd5 Bc3 33. Ke2 Na6 34. a3 {[%cal Ba2a3,Ba3a4][%mdl 32]} Bb2 35. Bc4 Nc5 36. a4 Bd4 37. f3 Be5 38. Be3 f4 39. Bf2 Bc3 40. g4 fxg3 41. Bxg3 Bd4 42. Bd3 Kf6 43. Bf4 Kg7 44. Bd2 Bf6 (44... h5 {was necessary.} 45. Bb5 Kf7) 45. h5 Ne6 46. Be3 Nc5 $2 {[#]} (46... Bd4 47. Bxd4+ Nxd4+ 48. Ke3 Nc6) 47. Kd2 a5 48. Bf5 Be5 49. Bc8 Bf6 50. Bf2 Be5 51. Be1 {Accuracy: White = 88%, Black = 62%.} 1-0

[Event "WSTCC-50 2020"]
[Site "Prague"]
[Date "2020.03.07"]
[Round "2.40"]
[White "Sykora, Ondrej"]
[Black "Karlsson, Agust S"]
[Result "1-0"]
[WhiteElo "2048"]
[BlackElo "2268"]
[Annotator "TA"]
[PlyCount "79"]
[EventDate "2020.03.06"]
[EventType "team-tourn"]
[EventCountry "CZE"]
[SourceTitle "playchess.com"]
[Source "ChessBase"]
[SourceQuality "1"]

{[%evp 9,79,20,15,12,29,29,22,20,20,27,29,0,0,-6,0,-31,-12,0,0,-39,-37,-36,-40,-35,-33,-39,12,17,10,0,41,47,125,124,125,98,97,42,42,44,108,78,107,103,93,35,30,37,92,93,83,95,89,-37,89,82,101,86,114,70,260,234,404,300,456,442,487,481,451,395,419,384]} 1. e4 d5 2. exd5 Qxd5 3. Nf3 Bg4 4. Be2 Nc6 5. h3 Bxf3 6. Bxf3 {B01: Scandinavian Defence.} Qe5+ 7. Qe2 Qxe2+ 8. Bxe2 {The position is equal.} Nd4 9. Bd1 e5 10. Nc3 {[#]} g6 $146 ({Predecessor:} 10... O-O-O 11. d3 Ne7 12. Be3 Nec6 13. O-O f5 14. Ne2 Ne6 15. f4 g6 16. fxe5 Nxe5 {½-½ (62) Neiksans,A (2570)-Kovalenko,I (2674) chess24.com INT 2020}) 11. d3 O-O-O 12. Ne2 Ne6 13. O-O Bc5 14. Be3 Bxe3 15. fxe3 f5 16. Nc3 Ne7 17. Be2 Nd5 (17... h5 $15) 18. Nxd5 $11 Rxd5 19. e4 Rc5 20. exf5 Nf4 (20... gxf5 $14 21. Bd1 Ng7) 21. Bd1 $16 gxf5 22. g3 Nxh3+ 23. Kh2 (23. Kg2 $16 Ng5 24. Rxf5) 23... Ng5 $14 24. Rxf5 Ne6 ({Black should play} 24... h6 $14) 25. b4 Rc6 26. Rxe5 {Bg4 is the strong threat.} Nd4 {[#]} 27. Bg4+ ({White should try} 27. Rc1 $1 $16) 27... Kb8 28. c4 Rg6 (28... Rh6+ $14 29. Kg2 Nc6) 29. Rae1 $36 {[%mdl 2048] White wants to mate with Re8+. White is really pushing.} a5 {[#]} 30. Re8+ $1 Rxe8 31. Rxe8+ {[%mdl 4096] Endgame KRB-KRN} Ka7 32. Re4 Nc6 33. bxa5 Rd6 34. Bf5 Nd4 $2 {Loses the game.} (34... Rxd3 $14 35. g4 (35. Bxh7 Rd2+ 36. Kh3 Rxa2 $16) 35... Rd6) 35. Bxh7 $18 c5 $2 (35... Rd7) 36. Kg2 Ra6 (36... Rd7 $142 37. Rh4 Ka6) 37. Re7 Nc6 38. Re2 Nd4 39. Rb2 Rxa5 40. Be4 {Accuracy: White = 74%, Black = 59%.} 1-0